| 000 | 00705nam a2200289Ia 4500 | ||
|---|---|---|---|
| 005 | 20260324144405.0 | ||
| 008 | 008 260324s9999 xx 000 0 eng d | ||
| 020 | _a9780203036136 | ||
| 037 | _aEBOOK | ||
| 040 | _aCRL | ||
| 040 | _beng | ||
| 040 | _cCRL | ||
| 041 | _2eng | ||
| 041 | _aeng | ||
| 084 | _qCRL | ||
| 100 |
_aDonald Curtis; Andrew Shepherd; Michael Hubbard _91219146 |
||
| 245 | 0 | _aPreventing Famine | |
| 245 | 0 | _bPolicies and prospects for Africa | |
| 260 | _bTaylor and Francis | ||
| 260 | _c1988 | ||
| 365 | _a | ||
| 365 | _b95.99 | ||
| 856 | _uhttp://www.taylorfrancis.com/books/9780203036136 | ||
| 942 | _cEBOOK | ||
| 999 |
_c1825697 _d1825697 |
||